=LDR 00000nam 2200000 4500 =001 INLIS000000000011980 =990 ##$$a 00033342 =005 20130612103528 =990 ##$$a 00033341 =008 ***********************************Ind** =035 ##$$0010-061300000011980 =041 ##$$a Ind =082 ##$$a 364.02 =090 ##$$a 364.02, Sah v =100 ##$$a Sahetapy, J.E =245 ##$$a Viktivologi, sebuah bunga rampai, JE. Sahetapy =260 ##$$a 20 cm $b 127 hlm. =300 ##$$a 127 hlm., 20 cm =650 ##$$a Kriminologi =650 ##$$a Bunga Rampai =850 ##$$a NBPNMAT